<?xml version="1.0" encoding="UTF-8"?><?xml-stylesheet type="text/xsl" href="static/style.xsl"?><OAI-PMH xmlns="http://www.openarchives.org/OAI/2.0/" xmlns:xsi="http://www.w3.org/2001/XMLSchema-instance" xsi:schemaLocation="http://www.openarchives.org/OAI/2.0/ http://www.openarchives.org/OAI/2.0/OAI-PMH.xsd"><responseDate>2026-04-14T19:46:45Z</responseDate><request verb="GetRecord" identifier="oai:uvadoc.uva.es:10324/41994" metadataPrefix="marc">https://uvadoc.uva.es/oai/request</request><GetRecord><record><header><identifier>oai:uvadoc.uva.es:10324/41994</identifier><datestamp>2025-01-17T09:03:23Z</datestamp><setSpec>com_10324_1143</setSpec><setSpec>com_10324_931</setSpec><setSpec>com_10324_894</setSpec><setSpec>col_10324_1252</setSpec></header><metadata><record xmlns="http://www.loc.gov/MARC21/slim" xmlns:doc="http://www.lyncode.com/xoai" xmlns:xsi="http://www.w3.org/2001/XMLSchema-instance" xmlns:dcterms="http://purl.org/dc/terms/" xsi:schemaLocation="http://www.loc.gov/MARC21/slim http://www.loc.gov/standards/marcxml/schema/MARC21slim.xsd">
<leader>00925njm 22002777a 4500</leader>
<datafield tag="042" ind1=" " ind2=" ">
<subfield code="a">dc</subfield>
</datafield>
<datafield tag="720" ind1=" " ind2=" ">
<subfield code="a">Álvarez Ramos, Eva</subfield>
<subfield code="e">author</subfield>
</datafield>
<datafield tag="720" ind1=" " ind2=" ">
<subfield code="a">Blasco Pascual, Francisco Javier</subfield>
<subfield code="e">author</subfield>
</datafield>
<datafield tag="260" ind1=" " ind2=" ">
<subfield code="c">2014</subfield>
</datafield>
<datafield tag="520" ind1=" " ind2=" ">
<subfield code="a">Eleclips es el resultado de una fórmula que integra tres elementos fundamentales para el trabajo y prendizaje de español:1. aprovecha al máximo las nuevas tecnologías; 2. parte de un fondo audiovisual singular e incomparable; y 3. cuenta con el respaldo de un equipo de especialistas en la enseñanza de español como segunda lengua, que trabaja con rigor y que está avalado por años de experiencia en las aulas.</subfield>
</datafield>
<datafield tag="024" ind2=" " ind1="8">
<subfield code="a">Actas del Coloquio Internacional de la AEPE (Asociación Europea de Profesores de Español). España y Portugal, tierras de encuentro y de proyección cultural. María del Pilar Celma Valero, Susana Heikel y Carmen Moral Rodríguez (Eds.). AEPE, 2014</subfield>
</datafield>
<datafield tag="024" ind2=" " ind1="8">
<subfield code="a">http://uvadoc.uva.es/handle/10324/41994</subfield>
</datafield>
<datafield tag="245" ind1="0" ind2="0">
<subfield code="a">Eleclips, un recurso a medida en la enseñanza-aprendizaje de ELE: de los fingidos actos de habla tradicionales a la autenticidad de las hablas reales</subfield>
</datafield>
</record></metadata></record></GetRecord></OAI-PMH>